Normal view
MARC view
Entry Personal Name
001 - CONTROL NUMBER
- control field: 22290
003 - CONTROL NUMBER IDENTIFIER
- control field: OSt
005 - DATE AND TIME OF LATEST TRANSACTION
- control field: 20211105134636.0
008 - FIXED-LENGTH DATA ELEMENTS
- fixed length control field: 211105|| aca||aabn | a|a d
040 ## - CATALOGING SOURCE
- Original cataloging agency: OSt
- Transcribing agency: OSt
100 ## - HEADING--PERSONAL NAME
- Personal name: Watanabe, T., ed
670 ## - SOURCE DATA FOUND
- Source citation: Work cat.: (OSt): Colloquium on UV and X-ray Spectroscopy of Astrophysical and Laboratory Plasmas 11nth Japan 1995 May 29- Jun 2 22288, UV and X-Ray spectroscopy of astrophysical and laboratory plasmas, 1996